| 000 | 00928nam1a22003131 4500 | ||
|---|---|---|---|
| 001 | RU\NLR\A1SV\30179 | ||
| 005 | 20251203171251.9 | ||
| 035 | _a(NLR Aleph) 009714079 | ||
| 090 |
_a9847306 _c9847306 |
||
| 100 | _a20110217d1918 u y0rusy50 ca | ||
| 101 | 0 | _arus | |
| 102 | _aRU | ||
| 200 | 1 |
_aРусская история _eКурс элементарный _eДля млад. классов средне-учеб. заведений _fК.В.Сивков |
|
| 205 | _a2-е изд. | ||
| 210 |
_aМ. _cЗадруга _d1918 |
||
| 215 | _d25 см | ||
| 620 | _dМосква | ||
| 700 | 1 |
_aСивков _bК.В. _f1882-1959 _gКонстантин Васильевич |
|
| 801 | 0 |
_aRU _bNLR _c20110217 |
|
| 852 |
_aNLR _j17.156.3.13 |
||
| 899 | _aСамОУНБ | ||
| 899 | _aДГПБ | ||
| 899 | _aСПбГУ | ||
| 899 | _aРГБ | ||
| 899 | _aКирОУНБ | ||
| 942 | _cBOOK | ||
| 980 | _aNB | ||
| 980 | _aA1SV | ||